Countries in Turkish - Statistics

General Stats
  • This quiz has been taken 78 times
  • The average score is 17 of 20
Answer Stats
Turkish English % Correct
Çin China
99%
Belçika Belgium
97%
Almanya Germany
97%
Hindistan India
96%
İspanya Spain
96%
Güney Afrika South Africa
94%
Avusturya Austria
93%
Endonezya Indonesia
93%
Portekiz Portugal
89%
Birleşik Krallık United Kingdom
89%
Ermenistan Armenia
87%
Suriye Syria
87%
Birleşik Devletleri United States
87%
Sırbistan Serbia
86%
Lübnan Lebanon
85%
Mısır Egypt
82%
Hırvatistan Croatia
80%
Yunanistan Greece
75%
Gürcistan Georgia
72%
Macaristan Hungary
66%
No matching quizzes found
Score Distribution
Percent of People with Each Score
Percentile by Number Answered
Your Score History
You have not taken this quiz